K-theory : an introduction /
Guardado en:
| Autor Principal: | |
|---|---|
| Formato: | Libro |
| Idioma: | English |
| Publicado: |
Berlin :
Springer-Verlag,
1978.
|
| Series: | Grundlehren der mathematischen Wissenschaften ;
226 |
| Materias: | |
| Etiquetas: |
Agregar Etiqueta
Sin Etiquetas, Sea el primero en etiquetar este registro!
|
| LEADER | 00708cam a2200229 a 4500 | ||
|---|---|---|---|
| 001 | MAT.inmabb002895 | ||
| 008 | 770111s1978####gw#a#####b####001#0#eng## | ||
| 005 | 20130303193338.0 | ||
| 245 | 1 | 0 | |a K-theory : |b an introduction / |c Max Karoubi. |
| 260 | |a Berlin : |b Springer-Verlag, |c 1978. | ||
| 300 | |a xviii, 308 p. : |b il. ; |c 25 cm. | ||
| 440 | 0 | |a Grundlehren der mathematischen Wissenschaften ; |v 226 | |
| 504 | |a Bibliografía: p. [301]-303. | ||
| 510 | 4 | |a MR, |c 58 #7605 | |
| 020 | |a 3540080902 (Berlin) | ||
| 020 | |a 0387080902 (New York) | ||
| 100 | 1 | |a Karoubi, Max. | |
| 650 | 0 | |a K-theory. | |
| 084 | |a 19-01 |2 msc2000 | ||
| 010 | |a 77023162 | ||
| 040 | |a DLC |c DLC |d DLC | ||
| 859 | |h 19 |i K18i |p A-4974 |b BIB. MATEMATICA | ||
